ბათუმის შოთა რუსთაველის სახელმწიფო უნივერსიტეტის ბიბლიოთეკა

Einführung in die Stilistik der deutschen sprache : (ბიბ.ჩანაწერი № 61355)

000 -LEADER
fixed length control field 01022nam a22001937a 4500
005 - DATE AND TIME OF LATEST TRANSACTION
control field 20240222160531.0
008 - FIXED-LENGTH DATA ELEMENTS--GENERAL INFORMATION
fixed length control field 240222s2002 gr ||||| |||| 00| 0 ger d
020 ## - INTERNATIONAL STANDARD BOOK NUMBER
International Standard Book Number 9992891378
041 ## - LANGUAGE CODE
Language code of text/sound track or separate title ger
080 ## - UNIVERSAL DECIMAL CLASSIFICATION NUMBER
Universal Decimal Classification number 811.112.2-8(042.4) G-98
100 ## - MAIN ENTRY--PERSONAL NAME
Personal name Gvenzadse, Msia
9 (RLIN) 21269
245 ## - TITLE STATEMENT
Title Einführung in die Stilistik der deutschen sprache :
Remainder of title Vorlesungsmaterialien und seminar übungen für georgische germanistikstudenten /
Statement of responsibility, etc. Msia Gvenzadse; რედ. ლალი ქეცბა-ხუნდაძე; ყდის დიზაინი ალექსანდრე ვარვარიძე.
264 ## - PRODUCTION, PUBLICATION, DISTRIBUTION, MANUFACTURE, AND COPYRIGHT NOTICE
Place of production, publication, distribution, manufacture Tbilisi :
Name of producer, publisher, distributor, manufacturer Bakur Sulakauri,
Date of production, publication, distribution, manufacture, or copyright notice 2002.
300 ## - PHYSICAL DESCRIPTION
Extent 180 p.;
Other physical details 24 cm.
653 ## - INDEX TERM--UNCONTROLLED
keyword სალექციო მასალა და სემინარის სავარჯიშოები
653 ## - INDEX TERM--UNCONTROLLED
keyword გერმანული ენის სტილისტიკა
700 ## - ADDED ENTRY--PERSONAL NAME
Personal name ქეცბა-ხუნდაზე, ლალი
Relator term რედაქტორი
9 (RLIN) 21270
942 ## - ADDED ENTRY ELEMENTS (KOHA)
Source of classification or shelving scheme
Koha item type წიგნი
ეგზემპლარები
Withdrawn status Lost status Source of classification or shelving scheme Damaged status Not for loan Permanent Location Current Location Shelving location Date acquired Cost, normal purchase price Full call number Barcode Date last seen Copy number Price effective from Koha item type Public note
          ბათუმის შოთა რუსთაველის სახელმწიფო უნივერსიტეტის მთავარი ბიბლიოთეკა ბათუმის შოთა რუსთაველის სახელმწიფო უნივერსიტეტის მთავარი ბიბლიოთეკა წიგნსაცავი 2024-02-22 8.00 811.112.2-8(042.4) G-98 67593 2024-02-22 67593 2024-02-22 წიგნი 8 ლ.